مكتبة جامعة عجلون الوطنية

فهرس بحث المكتبة

الواقعات للامام عمر بن عبدالعزيز بن مازه المعروف بالصدر الشهيد البخاري من بداية الكتاب الى كتاب الايمان والنذور "دراسة وتحقيق"=For imam omar Ben maza known "as Alshadr Alwaqeat" "Alshsheed AlBukhari from the beginning of the book until Aleman W alnothoor" Book "An investinning and a study" (Record no. 29516)

MARC details
000 -LEADER
fixed length control field 01367nam a2200193Ii 4500
003 - CONTROL NUMBER IDENTIFIER
control field JO-AjNU
008 - FIXED-LENGTH DATA ELEMENTS--GENERAL INFORMATION
fixed length control field 230605s9999||||xx |||||||||||||| ||und||
040 ## - CATALOGING SOURCE
Original cataloging agency JO-AjNU
Language of cataloging ara
Description conventions rda
Transcribing agency JO-AjNU
041 ## - LANGUAGE CODE
Language code of text/sound track or separate title ara
050 14 - LIBRARY OF CONGRESS CALL NUMBER
Classification number BP144 2017
100 3# - MAIN ENTRY--PERSONAL NAME
Personal name اعداد العليمات، ماجد حامد محمد؛ اشراف احمد مصطفى القضاة,
Relator term author
9 (RLIN) 57849
245 00 - TITLE STATEMENT
Title الواقعات للامام عمر بن عبدالعزيز بن مازه المعروف بالصدر الشهيد البخاري من بداية الكتاب الى كتاب الايمان والنذور "دراسة وتحقيق"=For imam omar Ben maza known "as Alshadr Alwaqeat" "Alshsheed AlBukhari from the beginning of the book until Aleman W alnothoor" Book "An investinning and a study"
264 31 - PRODUCTION, PUBLICATION, DISTRIBUTION, MANUFACTURE, AND COPYRIGHT NOTICE
Place of production, publication, distribution, manufacture عمان: جامعة العلوم الاسلامية،كلية الدراسات العليا قسم الفقه واصوله، 2017
300 ## - PHYSICAL DESCRIPTION
Extent 269ص
Other physical details رسالة جامعية (دكتوراة في تخصص الفقه واصوله)--جامعة العلوم الاسلامية العالمية، كلية الدراسات العليا، عمان)، 2017، يشتمل على ببلوغرافيا
336 ## - CONTENT TYPE
Content type term text
Content type code txt
Source rdacontent
337 ## - MEDIA TYPE
Media type term unmediated
Media type code n
Source rdamedia
338 ## - CARRIER TYPE
Carrier type term volume
Carrier type code nc
Source rdacarrier
650 #4 - SUBJECT ADDED ENTRY--TOPICAL TERM
Topical term or geographic name entry element الفقه الاسلامي -النذور
9 (RLIN) 57850
Holdings
Withdrawn status Lost status Source of classification or shelving scheme Damaged status Not for loan Home library Current library Shelving location Date acquired Total Checkouts Full call number Barcode Date last seen Price effective from Koha item type
    Library of Congress Classification     مكتبة جامعة عجلون الوطنية مكتبة جامعة عجلون الوطنية المراجع 06/06/2023   BP144 2017 A25948 06/06/2023 06/06/2023 Reference